Score 0/18 Timer 02:00
0 Plays Today
Movie Based on Book Word % Correct
Harry ______ and the Sorcerer's StonePotter
98.2%
The ______ of OzWizard
98.1%
Gone with the ____Wind
97.2%
To Kill a ___________Mockingbird
96.8%
Forrest ____Gump
96.8%
Pride and _________Prejudice
93.9%
The Chronicles of Narnia: The Lion, the Witch and the ________Wardrobe
92.8%
Fried _____ TomatoesGreen
88.1%
A River ____ Through ItRuns
85.9%
Movie Based on Book Word % Correct
Fight ____Club
85%
_____ by MeStand
83%
_____ & JuliaJulie
77.5%
The _________ RedemptionShawshank
77.4%
Rosemary's ____Baby
76%
_____ RunnerBlade
75.9%
The English ______Patient
74.3%
The Hobbit: An __________ JourneyUnexpected
53.9%
The Accidental _______Tourist
44.3%

Today's Daily Dose

Missing Word
'T' Pairs

Word Ladder
Game Pieces

Get the Picture
Baseball Movies

Remove Ads.
Support Sporcle.
Get the best of Sporcle when you Go Orange. This ad-free experience offers more features, more stats, and more fun while also helping to support Sporcle. Thank you for becoming a member.

You're not logged in!

Compare scores with friends on all Sporcle quizzes.
OR
Log In

Show Comments

Extras

Top Quizzes Today


Score Distribution

Your Account Isn't Verified!

In order to create a playlist on Sporcle, you need to verify the email address you used during registration. Go to your Sporcle Settings to finish the process.

Report this User

Report this user for behavior that violates our Community Guidelines.

Details: